| 000 | 00518 a2200181 4500 | ||
|---|---|---|---|
| 003 | OSt | ||
| 005 | 20240130122246.0 | ||
| 008 | 240130b |||||||| |||| 00| 0 eng d | ||
| 020 | _a817204710X | ||
| 040 | _coclc | ||
| 082 |
_a297.2 _bIBR/I |
||
| 100 |
_aIbrahim, E.N. _910339 |
||
| 245 |
_aIsthigasa Islamika Veekshanathil / _cE.N. Ibrahim |
||
| 250 | _a2nd ed. | ||
| 260 |
_aKozhikode: _bIslamic Publishing House, _c2001. |
||
| 300 | _a196p. | ||
| 942 |
_2ddc _cBK _h297.2 _iIBR/I _k297.2 _mIBR/I |
||
| 999 |
_c43372 _d43372 |
||